European Forum of Entrepreneurship 2019: Sustainable Socio-economic Development or Crisis on the Horizon? Proceedings of the 12th International Scientific Conference, NEWTON College, March 2019, (Prague, Czech Republic)
Saved in:
| Corporate Authors: | , |
|---|---|
| Other Authors: | , , |
| Format: | Book |
| Language: | English |
| Published: |
Praha
NEWTON Academy
2019
|
| Edition: | 1st Edition |
| Subjects: | |
| Tags: |
No Tags, Be the first to tag this record!
|
MARC
| LEADER | 00000nlm a2200000 4500 | ||
|---|---|---|---|
| 001 | 0251881 | ||
| 005 | 20240514124219.4 | ||
| 020 | |a 978-80-907435-7-1 | ||
| 041 | 0 | |a eng | |
| 044 | |a CZ | ||
| 245 | 1 | 0 | |a European Forum of Entrepreneurship 2019: Sustainable Socio-economic Development or Crisis on the Horizon? |b Proceedings of the 12th International Scientific Conference, NEWTON College, March 2019, (Prague, Czech Republic) |c Reviewers: Ľudomír Šlahor, Jiří Koleňák, Oldřich Hájek |
| 250 | |a 1st Edition | ||
| 264 | 1 | |a Praha |b NEWTON Academy |c 2019 | |
| 300 | |a online 172 s. | ||
| 610 | 2 | 0 | |a rozvoj sociálno-ekonomický |
| 610 | 2 | 0 | |a rozvoj trvalo udržateľný |
| 610 | 2 | 0 | |a kríza |
| 610 | 2 | 0 | |a prognózy |
| 610 | 2 | 0 | |a politika hospodárska |
| 610 | 2 | 0 | |a spoločnosť |
| 610 | 2 | 0 | |a zdroje ľudské |
| 610 | 2 | 0 | |a politika verejná |
| 610 | 2 | 0 | |a podnikanie |
| 610 | 2 | 0 | |a riadenie |
| 610 | 2 | 0 | |a vodcovstvo |
| 700 | 1 | |a Šlahor, Ľudomír | |
| 700 | 1 | |a Koleňák, Jiří | |
| 700 | 1 | |a Hájek, Oldřich | |
| 110 | 2 | |a European Forum of Entrepreneurship 2019: Sustainable Socio-economic Development or Crisis on the Horizon?. International Scientific Conference | |
| 710 | 2 | |a NEWTON College | |